000
00297nam a22001337a 4500
008
171005b xxu||||| |||| 00| 0 eng d
020
_a
0534554180
041
_a
eng
080
_2
2ND
_a
519.9
100
_a
49
101
_a
PSI
245
_a
ABNORMAL CHILD PSYCHOLOGY
_c
MASH,E.J
942
_2
udc
_c
BK
999
_c
31961
_d
31961